000 00517nam a2200217Ia 4500
003 OSt
005 20140314145826.0
008 140130s9999 xx 000 0 und d
020 _a0590062255
050 _aPZ 7
_b.M47396Sal 1991
100 _aMazer, Anne
245 _aThe Salamander Room /
_cAnne Mazer.
260 _bScholastic,
_c1991.
_anew York :
300 _a40 p. :
_bcol. ill. ;
_c24 cm.
440 _v1
521 _aG4
526 _c660
942 _cBK
_2lcc
999 _c40918
_d40918